000 00850nam a2200289Ia 4500
001 Para_2188
003 CHAP
008 220125s1995 xx 000 0 und d
010 _a200610
040 _cCHAP
082 _aPA 634 B7
100 _aBrunelli, Massimo
_915772
245 _aCómo defender y curar frutales y hortalizas de plagas y de enfermedades /
_c por Massimo Brunelli
260 _aBarcelona :
_b Editorial de Vecchi
300 _a215 p.
650 _aArboles frutales
_x enfermedades
_96674
650 _aArboles frutales
_x plagas
_96683
650 _aLegumbres
_x enfermedades
_965709
650 _aLegumbres
_x plagas
_965768
901 _aPA 634 B7
902 _aA
905 _a0000001995 a 0000000000 00
910 _a1995
942 _cPARA
942 _cPARA
_d1
999 _c200610
_d200610